| 000 | 00790nam a2200253 a 4500 | ||
|---|---|---|---|
| 008 | |||
| 020 | _a0750618329 (pbk.) | ||
| 049 | _aMAIN | ||
| 090 |
_aHC276.3 _bGOR |
||
| 100 | 1 | _aGordon, Colin. | |
| 245 | 1 | 4 |
_aThe business culture in France / _cColin Gordon with contributions by Paul Kingston. |
| 260 |
_aOxford : _bButterworth-Heinemann, _c1996. |
||
| 300 |
_axiv, 172 p. : _bill., map ; _c24 cm. |
||
| 504 | _aIncludes bibliographical references. | ||
| 650 | 0 |
_aCorporate culture _zFrance. |
|
| 651 | 0 |
_aFrance _xCommerce. |
|
| 651 | 0 |
_aFrance _xEconomic conditions. |
|
| 700 | 1 | _aKingston, Paul W. | |
| 907 |
_a.b10050243 _b16-08-11 _c17-04-03 |
||
| 003 | |||
| 005 | 20230123133223.0 | ||
| 040 | _cNUST | ||
| 942 |
_cBOOKS _kHC276.3 _mGOR |
||
| 999 |
_c144827 _d144827 |
||